Statistics for Countries in Europe by PPP

Click here to take the quiz!

General Stats

  • This quiz has been taken 28 times
  • The average score is 14 of 40

Answer Stats

GDP per capita (by PPP) Country % Correct
$104,003Luxembourg
95%
$69,249Norway
89%
$49,836Sweden
74%
$42,480United Kingdom
68%
$69,230Ireland
68%
$59,560Switzerland
68%
$47,985Denmark
68%
$42,164Finland
63%
$48,110Germany
63%
$51,049Netherlands
58%
$49,135Iceland
58%
$42,313France
58%
$48,004Austria
53%
$45,046Belgium
47%
$36,833Italy
42%
$36,415Spain
42%
$29,312Estonia
26%
$20,326Bulgaria
21%
$28,933Portugal
21%
$5,327Moldova
21%
$32,084Slovenia
21%
$33,231Czech Republic
21%
$59,058San Marino
21%
$25,709Latvia
16%
$10,957Bosnia and Herzegovina
16%
$29,972Lithuania
16%
$22,795Croatia
16%
$22,347Romania
16%
$27,481Hungary
16%
$27,764Poland
16%
$39,833Malta
16%
$31,338Slovakia
16%
$26,669Greece
11%
$16,643Montenegro
11%
$14,493Serbia
11%
$11,840Albania
11%
$8,305Ukraine
11%
$26,489Russia
5%
$17,999Belarus
5%
$14,596Macedonia
5%

Score Distribution

Percentile by Number Answered

Percent of People with Each Score

Your Score History

You have not taken this quiz